Франкенштейн, или Новый прометей: роман

Podrobná bibliografie
Hlavní autor: Шелли М. Мэри
Shrnutí:Книга на английском языке.
Исключено из фонда НТБ ТПУ
Jazyk:angličtina
Vydáno: Новосибирск, Сибирское университетское изд-во, 2007
Edice:English Fiction Collection
Médium: Kniha
KOHA link:https://koha.lib.tpu.ru/cgi-bin/koha/opac-detail.pl?biblionumber=122705

MARC

LEADER 00000nam0a2200000 4500
001 122705
005 20231101215747.0
010 |a 9785940878483 
010 |a 5-94087-848-2 
035 |a (RuTPU)RU\TPU\book\132844 
090 |a 122705 
100 |a 20071008d2007 m y0rusy50 ca 
101 0 |a eng 
102 |a RU 
105 |a y z 000ay 
200 1 |a Франкенштейн, или Новый прометей  |e роман  |f М. Шелли 
210 |a Новосибирск  |c Сибирское университетское изд-во  |d 2007 
215 |a 269 с. 
225 1 |a English Fiction Collection 
300 |a Книга на английском языке. 
333 |a Исключено из фонда НТБ ТПУ 
700 1 |a Шелли  |b М.  |c английская писательница  |f 1797-1851  |g Мэри  |9 1790 
801 1 |a RU  |b 63413507  |c 20071008  |g PSBO 
801 2 |a RU  |b 63413507  |c 20210131  |g PSBO 
942 |c BK